[Event "ZH-2023-0-02281"]
[Site "LSS email"]
[Date "2023.06.13"]
[Round "?"]
[White "Cirulis, Ilmars"]
[Black "Spirin, Anatoly"]
[Result "1/2-1/2"]
[WhiteElo "2284"]
[BlackElo "2052"]
[PlyCount "78"]
[EventDate "2023.06.13"]
[EventType "match (corr)"]
[EventRounds "2"]
[EventCountry "GER"]
[SourceTitle "Corr 2024"]
[Source "ChessBase"]
[SourceDate "2023.10.19"]
[SourceVersion "1"]
[SourceVersionDate "2023.10.19"]
[SourceQuality "1"]

1. f4 d5 2. Nf3 g6 3. g3 c5 4. Bg2 Bg7 5. d3 Nf6 6. 0-0 Nc6 7. Nc3 0-0 8. e4 d4 9. Ne2 e5 10. h3 exf4 11. gxf4 Nh5 12. a3 Bd7 13. Qe1 Qc7 14. b4 b6 15. Bd2 Rae8 16. Rb1 Nd8 17. f5 Qd6 18. Qf2 gxf5 19. exf5 Bxf5 20. Ng5 Bg6 21. Ne4 Bxe4 22. Bxe4 Nf6 23. bxc5 bxc5 24. Bf3 Nd5 25. Bxd5 Qxd5 26. Ng3 Re6 27. Qf3 Qd7 28. Kh1 Kh8 29. Ne4 Qc6 30. Bg5 f6 31. Bf4 c4 32. Ng3 Qxf3+ 33. Rxf3 cxd3 34. cxd3 Rfe8 35. Ne4 Nc6 36. Rb7 R8e7 37. Rb5 h6 38. Kg2 Kh7 39. a4 Kg6 1/2-1/2

[Event "ZH-2022-0-02096"]
[Site "LSS email"]
[Date "2022.12.23"]
[Round "?"]
[White "Spirin, Anatoly"]
[Black "Schleef, Harald"]
[Result "1-0"]
[WhiteElo "2056"]
[BlackElo "2103"]
[PlyCount "83"]
[EventDate "2022.12.14"]
[EventType "match (corr)"]
[EventRounds "2"]
[EventCountry "GER"]
[SourceTitle "Corr 2024"]
[Source "ChessBase"]
[SourceDate "2023.10.19"]
[SourceVersion "1"]
[SourceVersionDate "2023.10.19"]
[SourceQuality "1"]

1. e4 c5 2. Nf3 Nc6 3. Bb5 e6 4. 0-0 Nge7 5. c3 a6 6. Ba4 b5 7. Bc2 d5 8. a4 Bb7 9. axb5 axb5 10. Rxa8 Bxa8 11. d4 dxe4 12. Bxe4 c4 13. Ng5 h6 14. Nh7 Na5 15. Bc2 Qd5 16. f3 f5 17. Nxf8 Rxf8 18. Re1 Qd7 19. Nd2 Kf7 20. Nf1 Nd5 21. Bd2 Qd6 22. Qe2 Nc6 23. Ng3 Nce7 24. b3 Nb6 25. Nh5 g5 26. bxc4 Nxc4 27. Bc1 Ng6 28. Bd3 Bd5 29. Qf2 Qd8 30. h3 Nh4 31. Ng3 Qc7 32. Nh5 Qe7 33. Ng3 Qb7 34. Be2 Kg8 35. Nh5 f4 36. Nxf4 gxf4 37. Qxh4 Qf7 38. Qxh6 Qg7 39. Bxf4 Qxh6 40. Bxh6 Ra8 41. h4 Ra6 42. Bc1 1-0

[Event "ZH-2022-0-02084"]
[Site "LSS email"]
[Date "2022.10.17"]
[Round "?"]
[White "Spirin, Anatoly"]
[Black "Ozen, Bahadir"]
[Result "1/2-1/2"]
[WhiteElo "2062"]
[BlackElo "2245"]
[PlyCount "41"]
[EventDate "2022.09.28"]
[EventType "match (corr)"]
[EventRounds "2"]
[EventCountry "GER"]
[SourceTitle "Corr 2024"]
[Source "ChessBase"]
[SourceDate "2023.10.19"]
[SourceVersion "1"]
[SourceVersionDate "2023.10.19"]
[SourceQuality "1"]

1. e4 c5 2. Nf3 d6 3. d4 cxd4 4. Nxd4 Nf6 5. Nc3 a6 6. Bg5 e6 7. f4 Qb6 8. Qd2 Qxb2 9. Rb1 Qa3 10. f5 Nc6 11. fxe6 fxe6 12. Nxc6 bxc6 13. Be2 Be7 14. 0-0 0-0 15. Rb3 Qc5+ 16. Be3 Qe5 17. Bd4 Qa5 18. Bb6 Qe5 19. Bd4 Qa5 20. Bb6 Qe5 21. Bd4 1/2-1/2

[Event "RA-2022-0-00714"]
[Site "LSS email"]
[Date "2022.09.08"]
[Round "?"]
[White "Mateka, Petr"]
[Black "Spirin, Anatoly"]
[Result "1/2-1/2"]
[WhiteElo "2120"]
[BlackElo "2086"]
[PlyCount "135"]
[EventDate "2022.06.03"]
[EventType "tourn (corr)"]
[EventRounds "6"]
[EventCountry "GER"]
[SourceTitle "Corr 2024"]
[Source "ChessBase"]
[SourceDate "2023.10.19"]
[SourceVersion "1"]
[SourceVersionDate "2023.10.19"]
[SourceQuality "1"]

1. d4 d5 2. c4 c6 3. Nf3 Nf6 4. Nc3 e6 5. Bg5 h6 6. Bxf6 Qxf6 7. e3 Bd6 8. Bd3 Qe7 9. c5 Bc7 10. 0-0 0-0 11. e4 dxe4 12. Nxe4 Nd7 13. Re1 Rd8 14. Qc2 a5 15. Rac1 Qf8 16. Rcd1 Rb8 17. a3 b5 18. b4 Ra8 19. Qe2 Qe7 20. Bb1 Bb8 21. g3 Nf8 22. Qe3 axb4 23. axb4 Ra6 24. Qc1 Qd7 25. Ne5 Qe7 26. f4 f6 27. Nf3 Qf7 28. Rd2 Ng6 29. Nc3 Ne7 30. Qc2 g5 31. fxg5 hxg5 32. Rf2 Qg7 33. Ne4 Rf8 34. Ba2 Nd5 35. Bxd5 exd5 36. Nd6 Bxd6 37. cxd6 Bh3 38. Rfe2 Qh7 39. Qc3 Qh5 40. Nd2 Bg4 41. Re7 Bf5 42. Rc7 Ra2 43. Qe3 Raa8 44. Qf2 Qg4 45. Nb3 Rac8 46. Rxc8 Bxc8 47. Qc2 Kg7 48. Qe2 Qh3 49. Qe7+ Rf7 50. Nc5 Qg4 51. Qe3 Bf5 52. Qf2 Kg6 53. Rf1 Bc8 54. Qc2+ Kg7 55. Qd1 Qh3 56. Qd3 Qg4 57. Re1 Qh3 58. Qf1 Qg4 59. Qd3 Qh3 60. Ra1 Bg4 61. Ra8 Qh5 62. Ra6 Bc8 63. Ra2 Qh3 64. Ra1 Bg4 65. Qe3 Bf5 66. Qf3 Bg4 67. Qg2 Qh5 68. Qc2 1/2-1/2

[Event "RA-2022-0-00712"]
[Site "LSS email"]
[Date "2022.07.17"]
[Round "?"]
[White "Spirin, Anatoly"]
[Black "Do Amaral, Rogerio"]
[Result "1/2-1/2"]
[WhiteElo "2086"]
[BlackElo "1959"]
[PlyCount "58"]
[EventDate "2022.03.29"]
[EventType "tourn (corr)"]
[EventRounds "6"]
[EventCountry "GER"]
[SourceTitle "Corr 2024"]
[Source "ChessBase"]
[SourceDate "2023.10.19"]
[SourceVersion "1"]
[SourceVersionDate "2023.10.19"]
[SourceQuality "1"]

1. e4 c5 2. Nf3 d6 3. d4 cxd4 4. Nxd4 Nf6 5. Nc3 a6 6. h3 e5 7. Nde2 h5 8. Bg5 Be6 9. f4 Nbd7 10. f5 Bc4 11. Nc1 Qc7 12. Bxc4 Qxc4 13. Qd3 Rc8 14. 0-0 Be7 15. Nb3 d5 16. exd5 Nxd5 17. Qxd5 Bxg5 18. Qxb7 Nf6 19. Kh1 0-0 20. Na5 Qc7 21. Qxc7 Rxc7 22. Rad1 h4 23. Rfe1 Bf4 24. Kg1 Rfc8 25. Nb3 Rc6 26. Na5 Rc5 27. Nb3 R5c6 28. Na5 Rb6 29. Nb3 Rbc6 1/2-1/2

[Event "ZH-2020-0-01860"]
[Site "LSS email"]
[Date "2020.10.12"]
[Round "?"]
[White "Spirin, Anatoly"]
[Black "Susla, Vitaliy"]
[Result "1/2-1/2"]
[WhiteElo "2106"]
[BlackElo "2340"]
[PlyCount "50"]
[EventDate "2020.09.29"]
[EventType "match (corr)"]
[EventRounds "2"]
[EventCountry "GER"]
[SourceTitle "Corr 2022"]
[Source "ChessBase"]
[SourceDate "2021.10.24"]
[SourceVersion "1"]
[SourceVersionDate "2021.10.24"]
[SourceQuality "1"]

1. e4 c5 2. Nf3 d6 3. d4 cxd4 4. Nxd4 Nf6 5. Nc3 a6 6. Be3 e5 7. Nb3 Be6 8. f3 h5 9. Nd5 Bxd5 10. exd5 g6 11. Qd2 Nbd7 12. 0-0-0 Nb6 13. Kb1 Nbxd5 14. Bg5 Be7 15. g3 Nb6 16. Bxf6 Bxf6 17. Qxd6 Qxd6 18. Rxd6 Bd8 19. Rd1 h4 20. g4 0-0 21. Bd3 Rb8 22. Rhe1 Re8 23. h3 Bg5 24. Nc5 Kg7 25. a3 Bf4 1/2-1/2

[Event "ZH-2020-0-01860"]
[Site "LSS email"]
[Date "2020.10.12"]
[Round "?"]
[White "Susla, Vitaliy"]
[Black "Spirin, Anatoly"]
[Result "1-0"]
[WhiteElo "2340"]
[BlackElo "2106"]
[PlyCount "121"]
[EventDate "2020.09.29"]
[EventType "match (corr)"]
[EventRounds "2"]
[EventCountry "GER"]
[SourceTitle "Corr 2022"]
[Source "ChessBase"]
[SourceDate "2021.10.24"]
[SourceVersion "1"]
[SourceVersionDate "2021.10.24"]
[SourceQuality "1"]

1. e4 e5 2. Nf3 Nc6 3. Bb5 a6 4. Ba4 Nf6 5. 0-0 Be7 6. Re1 b5 7. Bb3 0-0 8. d3 d6 9. a3 Be6 10. Bxe6 fxe6 11. c3 Qe8 12. Qb3 d5 13. Be3 Rb8 14. Nbd2 a5 15. Bg5 a4 16. Qd1 Bd6 17. Bh4 Nd7 18. Qc2 Qh5 19. Bg3 d4 20. Qd1 Nc5 21. Qe2 dxc3 22. bxc3 Na5 23. Nf1 Ncb3 24. Ra2 Rb6 25. Rb1 Rc6 26. Qe1 Rf6 27. Ne3 Rf8 28. Rc2 Rd8 29. h3 Rf8 30. Qd1 Bxa3 31. Ng4 Rb6 32. Ngxe5 Rd8 33. d4 Be7 34. Ng4 Bd6 35. Bxd6 Rbxd6 36. Qe2 Qe8 37. Nge5 Rb6 38. Ng5 Nc6 39. Nef7 Rd7 40. Qh5 Rxf7 41. Qxh7+ Kf8 42. f4 Rf6 43. Qh8+ Ke7 44. Qxg7+ Rf7 45. Nxf7 Qxf7 46. Qg4 Kd8 47. Rf2 Ne7 48. h4 Qg8 49. Qg5 b4 50. cxb4 Rxb4 51. Rd1 Qg6 52. Qxg6 Nxg6 53. h5 Nf8 54. g4 Ke7 55. Rg2 Rxd4 56. Rxd4 Nxd4 57. g5 Kf7 58. Kf2 a3 59. Ke3 Nb5 60. g6+ Kg8 61. Kd3 1-0

[Event "RB-2019-0-00383"]
[Site "LSS email"]
[Date "2019.12.25"]
[Round "?"]
[White "Spirin, Anatoly"]
[Black "Csernus, Robert"]
[Result "1-0"]
[WhiteElo "2097"]
[BlackElo "1996"]
[PlyCount "91"]
[EventDate "2019.10.30"]
[EventType "tourn (corr)"]
[EventRounds "6"]
[EventCountry "GER"]
[SourceTitle "Corr 2022"]
[Source "ChessBase"]
[SourceDate "2021.10.24"]
[SourceVersion "1"]
[SourceVersionDate "2021.10.24"]
[SourceQuality "1"]

1. e4 d6 2. d4 Nf6 3. f3 g6 4. Bd3 Bg7 5. Ne2 0-0 6. Be3 Nbd7 7. Qd2 c5 8. c3 cxd4 9. cxd4 e5 10. Nbc3 exd4 11. Bxd4 Ne5 12. 0-0-0 Be6 13. Nf4 Rc8 14. Kb1 a6 15. h4 h5 16. Nxe6 fxe6 17. Be2 Qc7 18. g4 b5 19. a3 Qb7 20. Bxe5 dxe5 21. g5 Ne8 22. Na2 Rf7 23. Rc1 Rfc7 24. Rxc7 Rxc7 25. Nb4 Rd7 26. Nd3 Qb6 27. Rc1 Kh7 28. Rc2 a5 29. Qe1 Rf7 30. Qd1 Rd7 31. Qe1 Rf7 32. Rc1 Nd6 33. Qc3 Qe3 34. Rc2 b4 35. Qc5 Rxf3 36. axb4 axb4 37. Qxd6 b3 38. Bxf3 bxc2+ 39. Kxc2 Qxf3 40. Qc6 Qg2+ 41. Kc3 Qg3 42. b4 Qxh4 43. b5 Qxg5 44. b6 Bf8 45. Qc7+ Qe7 46. Kc4 1-0

[Event "RB-2019-0-00383"]
[Site "LSS email"]
[Date "2019.12.21"]
[Round "?"]
[White "Spirin, Anatoly"]
[Black "Obukhov, Gennady Nikolaevich"]
[Result "1-0"]
[WhiteElo "2097"]
[BlackElo "1965"]
[PlyCount "95"]
[EventDate "2019.10.30"]
[EventType "tourn (corr)"]
[EventRounds "6"]
[EventCountry "GER"]
[SourceTitle "Corr 2022"]
[Source "ChessBase"]
[SourceDate "2021.10.24"]
[SourceVersion "1"]
[SourceVersionDate "2021.10.24"]
[SourceQuality "1"]

1. e4 e6 2. d4 d5 3. Nc3 Nf6 4. e5 Nfd7 5. f4 c5 6. Nf3 Nc6 7. Be3 a6 8. Qd2 Be7 9. dxc5 Bxc5 10. 0-0-0 b5 11. f5 Qb6 12. Bxc5 Nxc5 13. Qg5 g6 14. fxe6 fxe6 15. Bd3 Ra7 16. Ne2 Nxd3+ 17. Rxd3 0-0 18. h4 Rf5 19. Qg3 Rg7 20. Ned4 Rff7 21. Nxc6 Qxc6 22. Nh2 h5 23. Nf3 b4 24. Nd4 Qb6 25. Rhd1 a5 26. Rf3 Rxf3 27. Qxf3 Qc5 28. Qf4 Qf8 29. Qe3 a4 30. Nf3 Rc7 31. b3 Bd7 32. Qg5 Kg7 33. Rd4 Be8 34. Rf4 Qc5 35. Qf6+ Kg8 36. Nd4 Bf7 37. Kd1 axb3 38. axb3 Kh7 39. Ke1 Bg8 40. Nf3 Rg7 41. Kd1 Qc3 42. Qf8 Qa1+ 43. Ke2 Qc3 44. Kf1 Qxc2 45. Ng5+ Kh6 46. Qxb4 d4 47. Rxd4 Qf5+ 48. Kg1 1-0

[Event "RB-2019-0-00383"]
[Site "LSS email"]
[Date "2019.12.15"]
[Round "?"]
[White "Ederer, Karel"]
[Black "Spirin, Anatoly"]
[Result "1/2-1/2"]
[WhiteElo "1988"]
[BlackElo "2097"]
[PlyCount "75"]
[EventDate "2019.10.30"]
[EventType "tourn (corr)"]
[EventRounds "6"]
[EventCountry "GER"]
[SourceTitle "Corr 2022"]
[Source "ChessBase"]
[SourceDate "2021.10.24"]
[SourceVersion "1"]
[SourceVersionDate "2021.10.24"]
[SourceQuality "1"]

1. d4 d5 2. c4 dxc4 3. Nf3 Nf6 4. e3 e6 5. Bxc4 c5 6. 0-0 a6 7. b3 b5 8. Be2 Bb7 9. Bb2 Nbd7 10. a4 b4 11. Nbd2 Be7 12. Nc4 0-0 13. Nfe5 cxd4 14. Nxd7 Nxd7 15. Bxd4 Bd5 16. a5 Bf6 17. Nb6 Nxb6 18. Bxb6 Qe7 19. Rc1 Bc3 20. Bf3 Bxf3 21. Qxf3 Qd7 22. Rfd1 Qb5 23. g3 h6 24. Qe4 Rfc8 25. Kg2 Qe2 26. Rd7 Qb2 27. Qc2 Qxc2 28. Rxc2 Kf8 29. Ba7 Rd8 30. Bc5+ Kg8 31. Rb7 Rd5 32. Bxb4 Bxb4 33. Rxb4 Rxa5 34. Rc7 Rd5 35. Rbb7 Rf8 36. b4 Rdd8 37. h4 Rc8 38. Rd7 1/2-1/2

[Event "CP-2017-Q-00001"]
[Site "LSS email"]
[Date "2017.11.19"]
[Round "?"]
[White "Prozorovskij, Vyacheslav"]
[Black "Spirin, Anatoly"]
[Result "1-0"]
[WhiteElo "2249"]
[BlackElo "2124"]
[PlyCount "73"]
[EventDate "2017.11.25"]
[EventType "tourn (corr)"]
[EventRounds "6"]
[EventCountry "GER"]
[SourceTitle "Corr 2022"]
[Source "ChessBase"]
[SourceDate "2021.10.24"]
[SourceVersion "1"]
[SourceVersionDate "2021.10.24"]
[SourceQuality "1"]

1. d4 d5 2. c4 c6 3. Nf3 Nf6 4. Nc3 e6 5. Bg5 dxc4 6. e4 b5 7. e5 h6 8. Bh4 g5 9. Nxg5 hxg5 10. Bxg5 Nbd7 11. g3 Qb6 12. exf6 c5 13. Bg2 Bb7 14. dxc5 Bxc5 15. 0-0 0-0-0 16. Qe2 Bxg2 17. Kxg2 Qc6+ 18. Ne4 Bd4 19. f3 Nb6 20. h4 Kb7 21. Rfc1 a6 22. a4 Nxa4 23. Rxa4 bxa4 24. Qxc4 Qxc4 25. Rxc4 Rd5 26. Rxa4 Rhd8 27. b3 Bb6 28. h5 Rb5 29. Ra2 Rxb3 30. g4 a5 31. Bf4 Rb1 32. Nd6+ Ka6 33. h6 Rf8 34. Rc2 Rg1+ 35. Kh2 Rf1 36. g5 Rxf3 37. Be5 1-0

[Event "CP-2017-Q-00001"]
[Site "LSS email"]
[Date "2017.11.19"]
[Round "?"]
[White "Spirin, Anatoly"]
[Black "Zielinski, Sergej"]
[Result "1/2-1/2"]
[WhiteElo "2124"]
[BlackElo "2296"]
[PlyCount "80"]
[EventDate "2017.11.25"]
[EventType "tourn (corr)"]
[EventRounds "6"]
[EventCountry "GER"]
[SourceTitle "Corr 2022"]
[Source "ChessBase"]
[SourceDate "2021.10.24"]
[SourceVersion "1"]
[SourceVersionDate "2021.10.24"]
[SourceQuality "1"]

1. e4 e5 2. Nf3 Nc6 3. Bc4 Bc5 4. 0-0 Nf6 5. d3 d6 6. c3 0-0 7. b4 Bb6 8. a4 a5 9. b5 Ne7 10. Bg5 Ng6 11. Nh4 Nf4 12. Nd2 c6 13. bxc6 bxc6 14. d4 d5 15. exd5 cxd5 16. dxe5 Ne6 17. exf6 Nxg5 18. fxg7 Kxg7 19. Ba2 Nh3+ 20. gxh3 Qxh4 21. Bxd5 Rb8 22. Nf3 Qf6 23. Kh1 Kh8 24. Ng1 Qxc3 25. Qh5 Ba6 26. Rfd1 Qf6 27. Be4 h6 28. Ra3 Rbe8 29. Rf3 Qg5 30. Qxg5 hxg5 31. Rf6 Rxe4 32. Rxb6 Bc8 33. Ra1 Rd8 34. Rb5 Rd2 35. Kg2 f6 36. Kg3 Kg7 37. Rxa5 Rc2 38. Rf1 Rb4 39. Re1 Rbb2 40. Ra7+ Kh6 1/2-1/2

[Event "CP-2017-P-00042"]
[Site "LSS email"]
[Date "2017.09.27"]
[Round "?"]
[White "Frijling, Jeroen"]
[Black "Spirin, Anatoly"]
[Result "1-0"]
[WhiteElo "2258"]
[BlackElo "2122"]
[PlyCount "73"]
[EventDate "2017.10.01"]
[EventType "tourn (corr)"]
[EventRounds "6"]
[EventCountry "GER"]
[SourceTitle "Corr 2022"]
[Source "ChessBase"]
[SourceDate "2021.10.24"]
[SourceVersion "1"]
[SourceVersionDate "2021.10.24"]
[SourceQuality "1"]

1. d4 d5 2. c4 c6 3. Nf3 dxc4 4. e3 Be6 5. Nbd2 Nf6 6. Bxc4 Bxc4 7. Nxc4 e6 8. 0-0 Qd5 9. Qb3 Qb5 10. Qc2 Be7 11. Nfe5 0-0 12. b4 Qd5 13. a3 Qd8 14. f3 Nbd7 15. Nd3 Nb6 16. Na5 Rb8 17. Bb2 Nfd5 18. Rae1 Bh4 19. g3 Be7 20. e4 Nf6 21. Nc5 Qc7 22. Bc1 Ne8 23. Bf4 Bd6 24. Be3 Be7 25. Rc1 Qc8 26. Rfd1 Nd6 27. Bf4 g5 28. Be3 Re8 29. h4 gxh4 30. Qh2 Nd7 31. gxh4 Nb5 32. a4 Nc7 33. Kh1 Nxc5 34. Rg1+ Kh8 35. Bh6 Rg8 36. Rxg8+ Qxg8 37. Qxc7 1-0

[Event "CP-2017-P-00042"]
[Site "LSS email"]
[Date "2017.09.27"]
[Round "?"]
[White "Grammatica, Andrea"]
[Black "Spirin, Anatoly"]
[Result "1-0"]
[WhiteElo "2277"]
[BlackElo "2122"]
[PlyCount "85"]
[EventDate "2017.10.01"]
[EventType "tourn (corr)"]
[EventRounds "6"]
[EventCountry "GER"]
[SourceTitle "Corr 2022"]
[Source "ChessBase"]
[SourceDate "2021.10.24"]
[SourceVersion "1"]
[SourceVersionDate "2021.10.24"]
[SourceQuality "1"]

1. Nf3 d5 2. c4 d4 3. b4 c5 4. Qa4+ Bd7 5. b5 Bf5 6. g3 Nd7 7. Bg2 Qc8 8. Qb3 e5 9. d3 Be7 10. a4 Ngf6 11. 0-0 0-0 12. a5 Ne8 13. e3 Nd6 14. Nbd2 Re8 15. a6 b6 16. Ne1 Bg5 17. e4 Bg6 18. f4 Bh6 19. Ndf3 exf4 20. gxf4 f6 21. Qc2 Rb8 22. Bh3 Qd8 23. Ng2 Qc7 24. Ngh4 Bh5 25. Qf2 Nf7 26. Qg3 Kh8 27. Nf5 g6 28. Qh4 Bf8 29. Ra2 Bxf3 30. Rxf3 gxf5 31. Bxf5 Bh6 32. Rg2 Rg8 33. Rfg3 Rxg3 34. Rxg3 Rg8 35. Rxg8+ Kxg8 36. Qg4+ Kh8 37. Bxd7 Bf8 38. Qf5 Qd8 39. Qd5 Nd6 40. Be6 Qe7 41. Kf1 Ne8 42. Qc6 Nd6 43. f5 1-0

[Event "ZH-2017-0-01561"]
[Site "LSS email"]
[Date "2017.04.01"]
[Round "?"]
[White "Dehaybe, Andre"]
[Black "Spirin, Anatoly"]
[Result "1-0"]
[WhiteElo "2188"]
[BlackElo "2150"]
[PlyCount "43"]
[EventDate "2017.03.19"]
[EventType "match (corr)"]
[EventRounds "2"]
[EventCountry "GER"]
[SourceTitle "Corr 2022"]
[Source "ChessBase"]
[SourceDate "2021.10.24"]
[SourceVersion "1"]
[SourceVersionDate "2021.10.24"]
[SourceQuality "1"]

1. d4 d5 2. c4 dxc4 3. Nf3 c6 4. e3 Be6 5. e4 h6 6. Qc2 Nf6 7. Be3 g5 8. Nbd2 b5 9. b3 cxb3 10. Nxb3 Bg7 11. Nc5 Bc8 12. a4 b4 13. h4 gxh4 14. Rxh4 Nfd7 15. Nd3 a5 16. Nf4 Bf6 17. Rh5 Bg7 18. e5 Nf8 19. d5 Bg4 20. Qe4 Na6 21. Rd1 Qb8 22. d6 1-0

[Event "ZH-2017-0-01548"]
[Site "LSS email"]
[Date "2017.02.26"]
[Round "?"]
[White "Spirin, Anatoly"]
[Black "Dehaybe, Andre"]
[Result "1/2-1/2"]
[WhiteElo "2148"]
[BlackElo "2188"]
[PlyCount "65"]
[EventDate "2017.02.08"]
[EventType "match (corr)"]
[EventRounds "2"]
[EventCountry "GER"]
[SourceTitle "Corr 2022"]
[Source "ChessBase"]
[SourceDate "2021.10.24"]
[SourceVersion "1"]
[SourceVersionDate "2021.10.24"]
[SourceQuality "1"]

1. e4 e5 2. Nf3 Nc6 3. Bc4 Nf6 4. d4 exd4 5. e5 Ne4 6. 0-0 d5 7. exd6 Nxd6 8. Bd5 Nf5 9. Re1+ Be6 10. Bxe6 fxe6 11. Rxe6+ Be7 12. Qd3 Qd5 13. Re2 Nb4 14. Qd2 c5 15. a3 Nc6 16. Nc3 Qf7 17. Nb5 0-0 18. Nc7 Rac8 19. Ne6 Rfe8 20. Qd3 Nh4 21. Bf4 c4 22. Qxc4 Nxf3+ 23. gxf3 Nb4 24. Qb3 Nxc2 25. Rc1 Bf8 26. Rcxc2 Rxe6 27. Rxe6 Rxc2 28. Qxc2 Qxe6 29. Qe4 Qd7 30. Be5 d3 31. Qc4+ Kh8 32. Qf4 Qd8 33. Bc3 1/2-1/2

[Event "ZH-2017-0-01540"]
[Site "LSS email"]
[Date "2017.01.20"]
[Round "?"]
[White "Spirin, Anatoly"]
[Black "Khanas, Valeriy"]
[Result "1/2-1/2"]
[WhiteElo "2148"]
[BlackElo "2326"]
[PlyCount "105"]
[EventDate "2017.01.13"]
[EventType "match (corr)"]
[EventRounds "2"]
[EventCountry "GER"]
[SourceTitle "Corr 2022"]
[Source "ChessBase"]
[SourceDate "2021.10.24"]
[SourceVersion "1"]
[SourceVersionDate "2021.10.24"]
[SourceQuality "1"]

1. Nf3 Nf6 2. c4 c5 3. d4 cxd4 4. Nxd4 e6 5. g3 d5 6. Bg2 e5 7. Nf3 d4 8. 0-0 Nc6 9. e3 Be7 10. exd4 exd4 11. Bf4 0-0 12. Ne5 Qb6 13. Qb3 Na5 14. Qxb6 axb6 15. Nd2 Nh5 16. Rfe1 Nxf4 17. gxf4 Bb4 18. Rad1 Bf5 19. Be4 Bxe4 20. Rxe4 Rfd8 21. Nb3 Bc5 22. Nxa5 Rxa5 23. a3 f6 24. Nd3 Ra4 25. Rc1 Kf7 26. f5 Rd7 27. Kg2 Bf8 28. Rh4 h6 29. Rf4 Rd8 30. Rc2 Rd7 31. Kf3 Ra5 32. Ke2 Bd6 33. Rxd4 Rxf5 34. f4 Re7+ 35. Kf3 Bc5 36. Re4 Rd7 37. Rd2 Kf8 38. Re6 b5 39. cxb5 Ba7 40. b6 Bb8 41. Re4 g5 42. Ke2 gxf4 43. Rc4 Kf7 44. Rc8 Bd6 45. Nf2 Re7+ 46. Kf1 Bc5 47. Ng4 Rg5 48. h4 Rxg4 49. Rxc5 Rxh4 50. Rc7 Rh1+ 51. Kg2 Rxc7 52. bxc7 Rc1 53. Rd7+ 1/2-1/2

[Event "CP-2016-P-00051"]
[Site "LSS email"]
[Date "2016.09.27"]
[Round "?"]
[White "Spirin, Anatoly"]
[Black "Barros Uriburu, Nicolas"]
[Result "1-0"]
[WhiteElo "2152"]
[BlackElo "1227"]
[PlyCount "33"]
[EventDate "2016.10.01"]
[EventType "tourn (corr)"]
[EventRounds "6"]
[EventCountry "GER"]
[SourceTitle "Corr 2022"]
[Source "ChessBase"]
[SourceDate "2021.10.24"]
[SourceVersion "1"]
[SourceVersionDate "2021.10.24"]
[SourceQuality "1"]

1. e4 c5 2. Nf3 d6 3. d4 cxd4 4. Nxd4 Nf6 5. Nc3 a6 6. Bg5 e6 7. f4 Nbd7 8. Bc4 Be7 9. Bxe6 fxe6 10. Nxe6 Qa5 11. Nxg7+ Kf7 12. Nf5 Nc5 13. Bxf6 Bxf6 14. Qh5+ Ke6 15. 0-0-0 Nxe4 16. Ng7+ Bxg7 17. Qxa5 1-0

[Event "CP-2016-P-00051"]
[Site "LSS email"]
[Date "2016.09.27"]
[Round "?"]
[White "Spirin, Anatoly"]
[Black "Shim Ng Min, Francis"]
[Result "1-0"]
[WhiteElo "2152"]
[BlackElo "1257"]
[PlyCount "47"]
[EventDate "2016.10.01"]
[EventType "tourn (corr)"]
[EventRounds "6"]
[EventCountry "GER"]
[SourceTitle "Corr 2022"]
[Source "ChessBase"]
[SourceDate "2021.10.24"]
[SourceVersion "1"]
[SourceVersionDate "2021.10.24"]
[SourceQuality "1"]

1. e4 c5 2. Nf3 d6 3. d4 cxd4 4. Nxd4 Nf6 5. Nc3 a6 6. f3 e5 7. Nb3 Be6 8. Be3 Be7 9. Qd2 0-0 10. 0-0-0 b5 11. g4 b4 12. Na4 a5 13. Nb6 Ra7 14. Nd5 Rb7 15. Nxe7+ Qxe7 16. Qxd6 Qxd6 17. Rxd6 Rc8 18. Nxa5 Rbc7 19. Kb1 Rxc2 20. Rb6 Bxg4 21. fxg4 Nxg4 22. Bg5 Nf2 23. Rg1 Nxe4 24. Rxb8 1-0

[Event "RA-2016-0-00450"]
[Site "LSS email"]
[Date "2016.06.28"]
[Round "?"]
[White "Podvoysky, Evgeny"]
[Black "Spirin, Anatoly"]
[Result "1/2-1/2"]
[WhiteElo "2306"]
[BlackElo "2140"]
[PlyCount "67"]
[EventDate "2016.06.03"]
[EventType "tourn (corr)"]
[EventRounds "6"]
[EventCountry "GER"]
[SourceTitle "Corr 2022"]
[Source "ChessBase"]
[SourceDate "2021.10.24"]
[SourceVersion "1"]
[SourceVersionDate "2021.10.24"]
[SourceQuality "1"]

1. e4 c5 2. Nf3 d6 3. c3 Nf6 4. h3 Nc6 5. Bd3 d5 6. e5 Ne4 7. Bc2 c4 8. b3 Bf5 9. bxc4 dxc4 10. Na3 Qd5 11. Qe2 e6 12. Nxc4 Nxd2 13. Bxd2 Bxc2 14. Ne3 Qd3 15. Nxc2 Qxc2 16. Nd4 Qa4 17. 0-0 Bc5 18. Qg4 Nxd4 19. cxd4 Qxd4 20. Qxg7 0-0-0 21. Rac1 Kb8 22. Be3 Qe4 23. Qh6 Rhg8 24. g4 Bxe3 25. Qxe3 Qxe3 26. fxe3 Rg7 27. Rcd1 Rxd1 28. Rxd1 h5 29. Kf2 hxg4 30. h4 g3+ 31. Kg2 Kc7 32. h5 Kc6 33. h6 Rh7 34. Rh1 1/2-1/2

[Event "RA-2015-0-00403"]
[Site "LSS email"]
[Date "2015.07.21"]
[Round "?"]
[White "Spirin, Anatoly"]
[Black "Husemann, Andreas"]
[Result "1/2-1/2"]
[WhiteElo "2151"]
[BlackElo "2248"]
[PlyCount "77"]
[EventDate "2015.07.11"]
[EventType "tourn (corr)"]
[EventRounds "6"]
[EventCountry "GER"]
[SourceTitle "Corr 2022"]
[Source "ChessBase"]
[SourceDate "2021.10.24"]
[SourceVersion "1"]
[SourceVersionDate "2021.10.24"]
[SourceQuality "1"]

1. d4 Nf6 2. Nc3 d5 3. Bg5 c6 4. Qd3 Qa5 5. Bd2 Na6 6. Rc1 g6 7. a3 Bg7 8. e3 0-0 9. Nce2 Qc7 10. Nf3 Nd7 11. Ng3 e5 12. Qb3 exd4 13. exd4 Nb6 14. Bxa6 bxa6 15. 0-0 Nc4 16. Bb4 Re8 17. Qc3 Bg4 18. b3 c5 19. bxc4 cxb4 20. axb4 Bxf3 21. Qxf3 Qxc4 22. c3 Rac8 23. Qf4 Qc7 24. Qxc7 Rxc7 25. Rfd1 Bh6 26. Ra1 Rxc3 27. Rxa6 Rc7 28. Rda1 Bg7 29. Rxa7 Rc4 30. Ra8 Kf8 31. Ne2 Rxb4 32. Rxe8+ Kxe8 33. Ra8+ Ke7 34. Ra7+ Ke6 35. Nf4+ Kd6 36. Ra6+ Kd7 37. Ra7+ Kc6 38. g3 Rb7 39. Rxb7 1/2-1/2